000 00577nam a2200229Ia 4500
003 OSt
005 20220924144755.0
006 a|||||r|||| 00| 0
007 ta
008 220923b |||||||| |||| 00| 0 urd d
024 _a321456
037 _cTextual
040 _aARTS
_cARTS
_burd
041 _2urd
_aurd
082 _aQ7:21:g, 168F8
100 _aAbdul Abdul Au.
_9218395
245 0 _aTafseer mauzuhul Quran
260 _c1928
650 _aQURAN
_933479
942 _hQ7:21:g, 168F8
_cTEXL
_2CC
999 _c458247
_d458247